L'emprunt de la théorie économique a la tradition sociologique. <Le> cas du don contre-don.

Znovuobnovenie teórie obchodnej výmeny prostredníctvom tradičnej sociológie. Závislosť úspechu na zabezpečení koordinácie individuálnych rozhodnutí a ich optimálnosti riešenia. Výmena poznatkov - konfrontácia dvoch verzií, ekonomickej a tradičnej sociologickej. Charakteristické prvky a vlastnosti vý...

Descrizione completa

Salvato in:
Dettagli Bibliografici
Autore principale: Batfoulier, P.
Altri autori: Cordonnier, L., Zenou, Y.
Natura: Capitolo di libro
Lingua:francese
Soggetti:
Tags: Aggiungi Tag
Nessun Tag, puoi essere il primo ad aggiungerne!!

MARC

LEADER 00000naa a2200000 4500
001 r010739
005 20220913125315.1
041 0 |a fre 
044 |a FR 
245 1 0 |a L'emprunt de la théorie économique a la tradition sociologique.  |b <Le> cas du don contre-don.  |c P. Batfoulier, L. Cordonnier, Y. Zenou 
520 |a Znovuobnovenie teórie obchodnej výmeny prostredníctvom tradičnej sociológie. Závislosť úspechu na zabezpečení koordinácie individuálnych rozhodnutí a ich optimálnosti riešenia. Výmena poznatkov - konfrontácia dvoch verzií, ekonomickej a tradičnej sociologickej. Charakteristické prvky a vlastnosti výmeny poznatkov. Právne aspekty skúmanej problematiky. 
610 2 0 |a teórie ekonomické 
610 2 0 |a výmena tovarová 
610 2 0 |a sociológia 
610 2 0 |a výmena skúseností 
610 2 0 |a psychológia sociálna 
100 1 |a Batfoulier, P. 
700 1 |a Cordonnier, L. 
700 1 |a Zenou, Y.